00677cam a22002291 4500001001300000003000400013005001700017008004100034010001700075035002000092040004100112041001300153042001200166050001400178100002600192245009100218260003000309300001800339500004800357700002700405999001500432af 48003395 DLC20260227110902.0890404s1943 be 000 1 dut c aaf 48003395  a(OCoLC)19495075 aCalifornia. Univ. Libr.cCUdCUdDLC1 aduthger apremarc00aPZ13b.T81 aTumler, Franz,d1912-14aHet dal van Lausa en Duron,bnovelle.c[Uit het Duitsch vertaald door Bob Fleischeuer] aBrussel,bMeddensc[1943] a94 p.c19 cm. aTranslation of Das Tal von Lausa und Duron.1 aFleischeuer, Bob,etr. c5565d5565